Development management (Record no. 109928)

MARC details
000 -LEADER
fixed length control field 02261cad a22002895a 4500
001 - CONTROL NUMBER
control field L148169
008 - FIXED-LENGTH DATA ELEMENTS--GENERAL INFORMATION
fixed length control field 090810s2009 xxk f 000 0 eng d
020 ## - INTERNATIONAL STANDARD BOOK NUMBER
International Standard Book Number 9781842195000
035 ## - SYSTEM CONTROL NUMBER
System control number (Sirsi) u148169
041 0# - LANGUAGE CODE
Language code of text/sound track or separate title eng
050 04 - LIBRARY OF CONGRESS CALL NUMBER
Classification number 658.404 $2 18
110 2# - MAIN ENTRY--CORPORATE NAME
Corporate name or jurisdiction name as entry element Royal Institution of Chartered Surveyors
9 (RLIN) 4900
245 00 - TITLE STATEMENT
Title Development management
Remainder of title RICS guidance note
Medium [electronic resource]
260 ## - PUBLICATION, DISTRIBUTION, ETC.
Place of publication, distribution, etc. Coventry
Name of publisher, distributor, etc. RICS
Date of publication, distribution, etc. 2009
300 ## - PHYSICAL DESCRIPTION
Extent iv, 44p.
Dimensions 30cm.
490 #0 - SERIES STATEMENT
Series statement RICS Practice Standards UK
490 #0 - SERIES STATEMENT
Series statement RICS Guidance Note
505 2# - FORMATTED CONTENTS NOTE
Formatted contents note Acknowledgments -- RICS guidance notes -- 1. Introduction: overview of development management; purpose of this guidance note -- 2. Phases of the development management process: introduction; phase 1, developer's initial concept; phase 2, site acquisition strategy; phase 3, outline appraisal; phase 4, outline planning permission; phase 5, full planning permission -- 3. Development appraisal: introduction; valuation of development land; development agreement -- 4. Planning: introduction; planning applications; environmental considerations; building control and regulations; party walls; rights to light -- 5. Development finance: introduction; the development vehicle; equity; debt; debt providers; finance and the development management process -- 6. Procurement: introduction; procurement strategy; composition of the developer's professional team; tendering and selection process; forms of appointment available --Appendices: A. 1: stages of services; 2. Stages of services compared with development -- B. General contacts -- References
520 ## - SUMMARY, ETC.
Summary, etc. Provides help and advice to project management surveyors involved in the development management of construction projects from the beginning to commencement on site. Does not address the construction or completion phases. Covers the key areas of development appraisal, planning application processes, development finance and procurement.
520 ## - SUMMARY, ETC.
Summary, etc. Effective from 1st September 2009.
521 ## - TARGET AUDIENCE NOTE
Target audience note Advanced
590 ## - LOCAL NOTE (RLIN)
Local note KA
651 #4 - SUBJECT ADDED ENTRY--GEOGRAPHIC NAME
Geographic name United Kingdom
690 ## - LOCAL SUBJECT ADDED ENTRY--TOPICAL TERM (OCLC, RLIN)
Topical term or geographic name as entry element Project management
9 (RLIN) 6261
856 41 - ELECTRONIC LOCATION AND ACCESS
Uniform Resource Identifier <a href="https://www.isurv.com/downloads/file/1167/development_management">https://www.isurv.com/downloads/file/1167/development_management</a>
Public note Archived on iSurv (subscription required)
942 ## - ADDED ENTRY ELEMENTS (KOHA)
Suppress in OPAC 0
Source of classification or shelving scheme Dewey Decimal Classification
Holdings
Withdrawn status Lost status Source of classification or shelving scheme Damaged status Not for loan Home library Current library Shelving location Date acquired Total Checkouts Full call number Barcode Date last seen Copy number Price effective from Koha item type
    Dewey Decimal Classification     London London Folio 22/10/2010   F658.404 ROY 30075486 06/08/2019 2 06/08/2019 Book
    Dewey Decimal Classification     London London Folio 22/10/2010   F658.404 ROY 30075487 06/08/2019 3 06/08/2019 Book
    Dewey Decimal Classification     London London RICS Boxes 06/06/2011   RICS 2009/47 30075484 06/08/2019 1 06/08/2019 Archive
    Dewey Decimal Classification     Virtual Virtual Online 10/08/2009   iSurv 148169-1001 06/08/2019 4 06/08/2019 Book